00780nam a2200205Ia 4500003000900000008004100009020002200050040001600072080001600088100003200104245011800136260004800254300001600302650002800318650002800346650003000374942000700404999001700411952014600428IN-BaIIA211028s9999 xx 000 0 eng d a978-0-521-82634-9 cIIA Library a524.57bTIE aTielens, A. G. G. M.920028 4aThe physics and chemistry of the interstellar mediumc A. G. G. M. Tielens  aCambridgebCambridge University Pressc2005 axiii, 495p. aChemical process929914 aInterstellar dust95398 aInterstellar medium93375 cBK c16164d16164 00104070aBANbBANcGENd2006-05-24eFBB g4029.00l3o524.57/ TIEp17086r2025-02-01s2025-01-15v4029.00w2006-05-24yBKGRs. 4029.00